Location, location, location : (Record no. 22669)

MARC details
000 -LEADER
fixed length control field 01624nam a2200301#a 4500
001 - CONTROL NUMBER
control field 01081
003 - CONTROL NUMBER IDENTIFIER
control field HDC
007 - PHYSICAL DESCRIPTION FIXED FIELD--GENERAL INFORMATION
fixed length control field ta
008 - FIXED-LENGTH DATA ELEMENTS--GENERAL INFORMATION
fixed length control field 230623s2008 xx 000 0 eng d
020 ## - INTERNATIONAL STANDARD BOOK NUMBER
International Standard Book Number 9780789019677 (pbk.).
040 ## - CATALOGING SOURCE
Original cataloging agency HDC
050 ## - LIBRARY OF CONGRESS CALL NUMBER
Classification number HD 58
Item number .D416 2008
100 ## - MAIN ENTRY--PERSONAL NAME
Personal name De Meirleir, Marcel.
245 #0 - TITLE STATEMENT
Title Location, location, location :
Remainder of title a plant location and site selection guide /
Statement of responsibility, etc. Marcel De Meirleir.
264 ## - PRODUCTION, PUBLICATION, DISTRIBUTION, MANUFACTURE, AND COPYRIGHT NOTICE
Place of production, publication, distribution, manufacture New York :
Name of producer, publisher, distributor, manufacturer Haworth Press,
Date of production, publication, distribution, manufacture, or copyright notice c2008.
300 ## - PHYSICAL DESCRIPTION
Extent xiii,166 p. ;
Dimensions 22cm.
500 ## - GENERAL NOTE
General note Includes index.
504 ## - BIBLIOGRAPHY, ETC. NOTE
Bibliography, etc. note "General principles of industrial location -- The project definition : basic requirements -- Critical factors analysis -- The economic analysis--Part I: analysis of the nonrecurring cost factors -- The economic analysis--Part II: analysis of the recurring cost factors -- Analysis of intangible factors -- Other elements -- Community and site analysis -- Decision making -- Locating warehouses, research and development centers, headquarters, and call centers -- Attracting investments -- Industrial and development studies -- Industrial location as a science and its role in the future -- The consultant�s role in site selection."
610 ## - SUBJECT ADDED ENTRY--CORPORATE NAME
Corporate name or jurisdiction name as entry element International business enterprises
General subdivision Location
Form subdivision Handbooks, manuals, etc.
650 ## - SUBJECT ADDED ENTRY--TOPICAL TERM
Topical term or geographic name entry element Business relocation
Form subdivision Handbooks, manuals, etc.
650 ## - SUBJECT ADDED ENTRY--TOPICAL TERM
Topical term or geographic name entry element Industrial location
Form subdivision Handbooks, manuals, etc.
650 ## - SUBJECT ADDED ENTRY--TOPICAL TERM
Topical term or geographic name entry element Industrial sites
Form subdivision Handbooks, manuals, etc.
650 ## - SUBJECT ADDED ENTRY--TOPICAL TERM
Topical term or geographic name entry element International business enterprises
General subdivision Location
Form subdivision Handbooks, manuals, etc.
942 ## - ADDED ENTRY ELEMENTS (KOHA)
Source of classification or shelving scheme Library of Congress Classification
942 ## - ADDED ENTRY ELEMENTS (KOHA)
Koha item type Book
942 ## - ADDED ENTRY ELEMENTS (KOHA)
Call number prefix HD 58
942 ## - ADDED ENTRY ELEMENTS (KOHA)
Call number suffix .D416 2008
Holdings
Withdrawn status Lost status Source of classification or shelving scheme Damaged status Not for loan Collection Home library Current library Shelving location Date acquired Total checkouts Full call number Barcode Date last seen Price effective from Koha item type
    Library of Congress Classification     Non-fiction Halal Development Corporation Library Halal Development Corporation Library Open Shelves 17/11/2020   HD 58 .D416 2008 HDC 0000582 24/05/2023 24/05/2023 Book
Halal Development Corporation Berhad (HDC)
5.02 Level 5, KPMG Tower, First Avenue, Persiaran Bandar Utama, 47800 Petaling Jaya, Selangor Darul Ehsan
Phone: +603 7965 5489 Email: [email protected]